000 00580nam a22002177a 4500
008 151117b xxu||||| |||| 00| 0 eng d
020 _a0471000604
041 0 _aeng
080 _a658.8
100 1 _aMeredith, Jack R.
245 1 0 _aOperations management for MBAs /
_cJack R. Meredith, Scott M. Shafer.
250 _a2nd ed.
260 _aNew York, NY :
_bWiley,
_cc2002.
300 _axiii, 406 f. :
_bme ill. ;
_c26 cm.
650 0 _aMenaxhimi
650 0 _aOrganizimi
650 0 _aProdhimit
650 0 _aOperacioneve
700 1 _aShafer, Scott M.
942 _2udc
_cBK
999 _c1362
_d1362